000 00382nam a2200157Ia 4500
008 230524s9999 xx 000 0 und d
082 _a621.381
_bGEE
100 _aN.Geetha
_912489
245 0 _aNetwork Analysis and Synthesis
250 _a1ST
260 _aNEW DELHI
_bScitech
_c2004
300 _aIX;321
500 _aQuantity Number: 1
650 _aElectrical
942 _cBK
999 _c17672
_d17672